[Event "Commonwealth Chess Championship 2008"]
[Site "Nagpur India"]
[Date "2008.10.03"]
[Round "?"]
[White "Bhuvanesh R, Ramnath"]
[Black "Das, Neelotpal"]
[Result "0-1"]
[WhiteElo "2239"]
[BlackElo "2462"]
[PlyCount "98"]
[EventDate "2008.09.28"]
[Source "MonRoi"]

1. e4 c5 2. Nf3 e6 3. d4 cxd4 4. Nxd4 Nf6 5. Nc3 d6 6. Be2 a6 7. a4 Nc6 8. O-O
Be7 9. Be3 Qc7 10. f4 O-O 11. Kh1 Re8 12. Bf3 Bd7 13. Nb3 b6 14. g4 Bc8 15. g5
Nd7 16. Bg2 Bf8 17. Qe2 Bb7 18. Rad1 g6 19. Rf3 Nb4 20. Rh3 Bg7 21. Qf2 Rab8
22. Rd2 Bc8 23. Qh4 Nf8 24. e5 dxe5 25. f5 Nd5 26. f6 Bh8 27. a5 Nxe3 28. Rxe3
bxa5 29. Qe4 Bd7 30. Qxe5 Rec8 31. Qxa5 Qxa5 32. Nxa5 Rc5 33. Nb3 Rxg5 34. Ne4
Rf5 35. Rf3 Bc6 36. Rxf5 exf5 37. Nec5 Rb6 38. c3 Bxf6 39. Bxc6 Rxc6 40. Rd5
Rb6 41. Rd2 Be7 42. Kg2 Ne6 43. Nxe6 fxe6 44. Na5 Bf6 45. Nc4 Rc6 46. Na5 Rc5
47. Nb7 Rc7 48. Na5 Be7 49. Rd3 e5 0-1

[Event "Commonwealth Chess Championship 2008"]
[Site "Nagpur India"]
[Date "2008.10.03"]
[Round "?"]
[White "M  S, Thejkumar"]
[Black "Balasubramaniam, Ramnathan"]
[Result "1-0"]
[WhiteElo "2441"]
[BlackElo "2271"]
[PlyCount "87"]
[EventDate "2008.09.28"]
[Source "MonRoi"]

1. d4 d5 2. c4 c6 3. Nf3 Nf6 4. Nc3 g6 5. Bf4 Bg7 6. e3 O-O 7. Be2 dxc4 8. Bxc4
Bg4 9. h3 Bxf3 10. Qxf3 Nbd7 11. O-O Qe8 12. Rad1 e5 13. Bg5 exd4 14. exd4 Qe7
15. a3 Rfe8 16. Ba2 Qf8 17. d5 Ne5 18. Qg3 Nh5 19. Qh4 h6 20. Be3 Kh7 21. Rfe1
f5 22. f4 Nd7 23. dxc6 Ndf6 24. g4 fxg4 25. cxb7 Rab8 26. hxg4 Rxe3 27. Rxe3
Qc5 28. Rde1 Nxf4 29. Qg3 g5 30. b4 Qb6 31. Bb1+ Kh8 32. Kh1 Qxb7+ 33. Qf3
Qxf3+ 34. Rxf3 Nxg4 35. Bf5 Ne5 36. Rfe3 Re8 37. b5 Kg8 38. a4 Kf7 39. a5 h5
40. Ne4 Re7 41. Nd6+ Kf6 42. b6 axb6 43. axb6 Nd5 44. Rxe5 1-0

[Event "Commonwealth Chess Championship 2008"]
[Site "Nagpur India"]
[Date "2008.10.03"]
[Round "?"]
[White "Jha, Sriram"]
[Black "Satchidanand, Soman"]
[Result "1/2-1/2"]
[WhiteElo "2428"]
[BlackElo "2251"]
[PlyCount "81"]
[EventDate "2008.09.28"]
[Source "MonRoi"]

1. d4 f5 2. g3 Nf6 3. Bg2 g6 4. Nf3 Bg7 5. b4 O-O 6. c4 Ne4 7. Bb2 c5 8. bxc5
Nxc5 9. Nc3 Ne4 10. O-O Nxc3 11. Bxc3 d6 12. Qd3 Nd7 13. Rfe1 Nf6 14. d5 Bd7
15. Nd2 Rc8 16. a4 Qc7 17. Rec1 Ng4 18. Bxg7 Kxg7 19. Qd4+ Kg8 20. h3 Nf6 21.
Qxa7 Ra8 22. Qd4 Bxa4 23. e4 fxe4 24. Nxe4 Nxe4 25. Qxe4 Qc5 26. Ra2 Bd7 27.
Re2 Rf7 28. Qe3 Rc8 29. Qxc5 Rxc5 30. Rb1 b5 31. cxb5 Bxb5 32. Reb2 Bd3 33. Rd1
Bb5 34. Rdb1 Bd3 35. Rd1 Bb5 36. h4 Bd7 37. Re1 Rc7 38. Ree2 Bf5 39. Kh2 Rf8
40. f4 Bg4 41. Rec2 1/2-1/2

[Event "Commonwealth Chess Championship 2008"]
[Site "Nagpur India"]
[Date "2008.10.03"]
[Round "?"]
[White "Vikramaditya, Kamble"]
[Black "Srinath, Narayanan"]
[Result "1-0"]
[WhiteElo "2376"]
[BlackElo "2220"]
[PlyCount "109"]
[EventDate "2008.09.28"]
[Source "MonRoi"]

1. Nf3 c5 2. c4 Nc6 3. d4 cxd4 4. Nxd4 Nf6 5. g3 Qb6 6. Nb5 Ne5 7. b3 a6 8. Nd4
e6 9. Bg2 Bb4+ 10. Kf1 Bc5 11. e3 d6 12. Nc3 Bd7 13. Rb1 O-O 14. f4 Neg4 15. b4
Bxd4 16. Qxd4 Qc7 17. h3 e5 18. Qd3 Be6 19. Bd5 Bxd5 20. cxd5 Rac8 21. Bd2 e4
22. Qd4 Ne5 23. fxe5 dxe5 24. Qa7 Nd7 25. d6 Qxd6 26. Ke1 Rfd8 27. Rh2 Qc6 28.
b5 axb5 29. Rxb5 b6 30. Qa3 Nc5 31. Kf1 Nd3 32. Qa4 Qd7 33. Kg1 Rc6 34. Rd5 Rd6
35. Qxd7 R6xd7 36. Rxd7 Rxd7 37. Nxe4 f5 38. Nc3 e4 39. Nb5 g5 40. Bc3 Rd5 41.
Nd4 f4 42. gxf4 gxf4 43. Rg2+ Kf7 44. exf4 Rh5 45. Ne2 Rxh3 46. f5 Nc1 47. Ng3
Nxa2 48. Be5 Nc1 49. Nxe4 Re3 50. Rg7+ Ke8 51. Nf6+ Kd8 52. Rg8+ Ke7 53. Nd5+
Kf7 54. Rg7+ Kf8 55. Nxe3 1-0

[Event "Commonwealth Chess Championship 2008"]
[Site "Nagpur India"]
[Date "2008.10.03"]
[Round "?"]
[White "Kherdekar, Saurabh"]
[Black "Lanka, Ravi"]
[Result "1/2-1/2"]
[WhiteElo "2213"]
[BlackElo "2371"]
[PlyCount "87"]
[EventDate "2008.09.28"]
[Source "MonRoi"]

1. d4 d5 2. c4 e6 3. Nc3 Nf6 4. Nf3 Be7 5. Bg5 O-O 6. e3 h6 7. Bh4 b6 8. Bxf6
Bxf6 9. cxd5 exd5 10. Rc1 Be6 11. Be2 c5 12. O-O a6 13. b3 Qe7 14. Qd2 Rd8 15.
Rfd1 Qa7 16. Na4 Nd7 17. dxc5 bxc5 18. Qa5 Rdc8 19. Ne1 c4 20. Bf3 Rab8 21.
Bxd5 Rb5 22. Bxe6 Rxa5 23. Rxd7 Rc7 24. Bxf7+ Kf8 25. Rxc7 Qxc7 26. Bxc4 Rd5
27. Nf3 Rd7 28. h3 a5 29. g3 g5 30. Nc3 Bxc3 31. Rxc3 Rd1+ 32. Kg2 Qc6 33. Rd3
Rxd3 34. Bxd3 Qd5 35. Bg6 Kg7 36. Bh5 Kf6 37. g4 Ke7 38. Bg6 Qd6 39. Be4 Qa3
40. Nd4 Qxa2 41. Bf3 Kd6 42. Ba8 Kc5 43. Bb7 Qb1 44. Bf3 1/2-1/2

[Event "COMMONWEALTH CHESS CHAMPIONSHI"]
[Site "Nagpur,India"]
[Date "2008.10.03"]
[Round "7.31"]
[White "Venkata Ramana, J."]
[Black "Prathamesh, Sunil Mokal"]
[Result "1/2-1/2"]
[WhiteElo "2205"]
[BlackElo "2358"]
[PlyCount "97"]
[EventDate "2008.09.28"]

1. g3 c5 2. Bg2 g6 3. e4 Bg7 4. Ne2 Nc6 5. O-O d6 6. d3 e5 7. Nbc3 Nge7 8. Be3
O-O 9. Qd2 Nd4 10. f4 Be6 11. Rf2 Qd7 12. Raf1 Rae8 13. Nc1 b6 14. fxe5 dxe5
15. Bg5 f5 16. Bh6 Rf7 17. Qg5 Bxh6 18. Qxh6 Ref8 19. exf5 gxf5 20. Nd1 Ng6 21.
c3 Nc6 22. Ne3 f4 23. Nc4 Nce7 24. Qg5 Rf5 25. Qg4 f3 26. Bh1 e4 27. Qxe4 b5
28. Rxf3 Bd5 29. Ne5 Nxe5 30. Rxf5 Rxf5 31. Qe2 Bxh1 32. Rxf5 Qxf5 33. Kxh1
Qf3+ 34. Qxf3 Nxf3 35. Kg2 Ne5 36. h3 Kf7 37. Kf2 Ke6 38. g4 Nd5 39. d4 cxd4
40. cxd4 Nc6 41. Nb3 Nf4 42. h4 Kd5 43. Kf3 Ne6 44. g5 Ncxd4+ 45. Kg4 Ke5 46.
Nd2 Ng7 47. h5 Ndf5 48. Nf1 Ne7 49. Kf3 1/2-1/2

[Event "COMMONWEALTH CHESS CHAMPIONSHI"]
[Site "Nagpur,India"]
[Date "2008.10.03"]
[Round "7.32"]
[White "Sahoo, Utkal Ranjan"]
[Black "Meenakshi, Subbaraman"]
[Result "0-1"]
[WhiteElo "2124"]
[BlackElo "2336"]
[PlyCount "72"]
[EventDate "2008.09.28"]

1. e4 g6 2. d4 d6 3. Nc3 Nf6 4. Bg5 Nbd7 5. Qd2 c6 6. f4 b5 7. Bd3 Nb6 8. Nf3
Bg7 9. O-O O-O 10. Rae1 b4 11. Nd1 c5 12. c3 bxc3 13. bxc3 Bb7 14. e5 dxe5 15.
fxe5 Nfd7 16. Bh6 cxd4 17. Bxg7 Kxg7 18. Ng5 Nc5 19. e6 f6 20. Nf7 Qd5 21. Rf2
Nxd3 22. Qxd3 Bc8 23. c4 Qxc4 24. Qa3 Bxe6 25. Qxe7 Rxf7 26. Qxe6 Qxe6 27. Rxe6
Rd8 28. Nb2 Nd5 29. Rd2 Re7 30. Ra6 Nb6 31. Kf2 Rd5 32. a4 Rf5+ 33. Kg3 Re3+
34. Kh4 Rh5+ 35. Kg4 f5+ 36. Kf4 Nd5# 0-1

[Event "COMMONWEALTH CHESS CHAMPIONSHI"]
[Site "Nagpur,India"]
[Date "2008.10.03"]
[Round "7.33"]
[White "Nitin, S."]
[Black "Russell, M K A."]
[Result "1-0"]
[WhiteElo "2303"]
[BlackElo "2213"]
[PlyCount "55"]
[EventDate "2008.09.28"]

1. e4 c6 2. d4 d5 3. Nc3 dxe4 4. Nxe4 Bf5 5. Ng3 Bg6 6. N1e2 e6 7. Nf4 Bd6 8.
h4 Qc7 9. Nxg6 hxg6 10. Ne4 Be7 11. Qf3 Nf6 12. Ng5 Qa5+ 13. Bd2 Qd5 14. Qd3 c5
15. Qb5+ Nbd7 16. c4 Qf5 17. dxc5 Ne4 18. Nxe4 Qxe4+ 19. Be3 Bxc5 20. Rh3 a6
21. Qb3 Bxe3 22. Rxe3 Qc6 23. O-O-O Rxh4 24. g3 Rh2 25. Qc2 Nf6 26. Red3 Ne4
27. Rd4 f5 28. Qd3 {score sheet is not clear} 1-0

[Event "COMMONWEALTH CHESS CHAMPIONSHI"]
[Site "Nagpur,India"]
[Date "2008.10.03"]
[Round "7.36"]
[White "Devangi, Patankar"]
[Black "Karavade, Eesha"]
[Result "1/2-1/2"]
[WhiteElo "2028"]
[BlackElo "2297"]
[PlyCount "103"]
[EventDate "2008.09.28"]

1. e4 e5 2. Nf3 Nc6 3. Bc4 Nf6 4. d3 Bc5 5. O-O O-O 6. Nbd2 a6 7. c3 d6 8. h3
Ba7 9. Bb3 h6 10. Re1 Be6 11. Bc2 Re8 12. Nf1 d5 13. Ng3 dxe4 14. dxe4 Qxd1 15.
Rxd1 Rad8 16. Rxd8 Rxd8 17. Nf1 Bc4 18. Be3 Bxf1 19. Kxf1 Bxe3 20. fxe3 Kf8 21.
Ke2 Ke7 22. Rd1 Rd6 23. g4 Rxd1 24. Kxd1 Nd7 25. Ke2 Kd6 26. Bb3 Nd8 27. Ba4
Nb6 28. Bc2 Ne6 29. b4 Ng5 30. Nxg5 hxg5 31. Bb3 f6 32. a4 Nc8 33. Bc2 Ne7 34.
Bd3 Nc6 35. Kd1 a5 36. Bb5 Nd8 37. Kc2 axb4 38. cxb4 c5 39. Kc3 cxb4+ 40. Kxb4
Ne6 41. Bc4 Nc5 42. Bd5 Nd3+ 43. Kc3 Nc5 44. Kb4 g6 45. Bf7 Nxe4 46. Bxg6 Nf2
47. Kb5 Kc7 48. Kc5 Nxh3 49. Kd5 Nf2 50. Bf5 Nd1 51. Ke6 Nxe3 52. Kxf6 1/2-1/2

[Event "COMMONWEALTH CHESS CHAMPIONSHI"]
[Site "Nagpur,India"]
[Date "2008.10.03"]
[Round "7.37"]
[White "Phadke, Sohan"]
[Black "Tejas Ravichandran"]
[Result "1-0"]
[WhiteElo "2283"]
[BlackElo "2123"]
[PlyCount "46"]
[EventDate "2008.09.28"]

1. e4 e6 2. d4 d5 3. Nc3 Nf6 4. Bg5 Bb4 5. e5 h6 6. Bd2 Bxc3 7. bxc3 Ne4 8. Bd3
Nxd2 9. Qxd2 c5 10. Nf3 Nc6 11. O-O Qa5 12. Qe3 b6 13. Rfb1 c4 14. Be2 Qa3 15.
Nd2 Bd7 16. Qg3 O-O-O 17. Bxc4 dxc4 18. Ne4 Qf8 19. a4 Be8 20. Nd6+ Kc7 21. a5
Ra8 22. axb6+ axb6 23. Nb5+ Kd7 1-0

[Event "COMMONWEALTH CHESS CHAMPIONSHI"]
[Site "Nagpur,India"]
[Date "2008.10.03"]
[Round "7.38"]
[White "Joshi, Pankaj"]
[Black "Girish, A  Koushik"]
[Result "1/2-1/2"]
[WhiteElo "2281"]
[BlackElo "2108"]
[PlyCount "37"]
[EventDate "2008.09.28"]

1. d4 Nf6 2. c4 g6 3. Nf3 Bg7 4. g3 d5 5. cxd5 Nxd5 6. Bg2 O-O 7. O-O Nb6 8.
Nc3 Nc6 9. e3 e5 10. d5 Na5 11. e4 c6 12. Bg5 f6 13. Be3 cxd5 14. Bxb6 Qxb6 15.
Nxd5 Qd8 16. Rc1 Nc6 17. Qb3 Rf7 18. Rfd1 Be6 19. h4 1/2-1/2

[Event "COMMONWEALTH CHESS CHAMPIONSHI"]
[Site "Nagpur,India"]
[Date "2008.10.03"]
[Round "7.39"]
[White "Priya, P."]
[Black "Himanshu, Sharma"]
[Result "0-1"]
[WhiteElo "2190"]
[BlackElo "2423"]
[PlyCount "64"]
[EventDate "2008.09.28"]

1. e4 c5 2. Nf3 e6 3. d4 cxd4 4. Nxd4 Nf6 5. Nc3 d6 6. Be2 Be7 7. O-O Nc6 8.
Be3 O-O 9. f4 Bd7 10. Nb3 a5 11. a4 Nb4 12. Bf3 e5 13. f5 d5 14. Bg5 Qb6+ 15.
Kh1 d4 16. Nb1 Rfd8 17. Bd2 Bc6 18. Re1 Rac8 19. Bxb4 Qxb4 20. g4 h6 21. Qd2
Bxa4 22. Bd1 Bc6 23. Bf3 a4 24. Qxb4 Bxb4 25. N3d2 b5 26. Re2 Bb7 27. Nf1 d3
28. cxd3 Rc1 29. Kg2 Rxd3 30. Re3 Rxe3 31. Nxe3 Nxe4 32. Nd5 Bc5 0-1

[Event "COMMONWEALTH CHESS CHAMPIONSHI"]
[Site "Nagpur,India"]
[Date "2008.10.03"]
[Round "7.42"]
[White "Mas, Hafizulhelmi"]
[Black "Shiven, Khosla"]
[Result "1-0"]
[WhiteElo "2385"]
[BlackElo "2141"]
[PlyCount "55"]
[EventDate "2008.09.28"]

1. e4 c5 2. Nf3 d6 3. d4 cxd4 4. Nxd4 Nf6 5. Nc3 g6 6. Be3 Bg7 7. f3 O-O 8. Qd2
Nc6 9. Bc4 Bd7 10. O-O-O Rb8 11. Bb3 Ne5 12. g4 b5 13. Bh6 Nc4 14. Qg5 Qa5 15.
h4 Rfc8 16. Nf5 Bxf5 17. gxf5 Nxb2 18. fxg6 Bxh6 19. Qxh6 Nc4 20. gxh7+ Kh8 21.
Rdg1 Qa3+ 22. Kd1 Ne3+ 23. Qxe3 Kxh7 24. Nd5 Rg8 25. Rg5 Qb2 26. Nxf6+ Qxf6 27.
Rh5+ Kg7 28. Rf5 1-0

[Event "COMMONWEALTH CHESS CHAMPIONSHI"]
[Site "Nagpur,India"]
[Date "2008.10.03"]
[Round "7.44"]
[White "Akshat, Khamparia"]
[Black "Das, Sayantan"]
[Result "1-0"]
[WhiteElo "2305"]
[BlackElo "2135"]
[PlyCount "98"]
[EventDate "2008.09.28"]

1. d4 d5 2. Nf3 e6 3. c4 c6 4. Nc3 Nf6 5. Bg5 Nbd7 6. e3 Qa5 7. cxd5 Nxd5 8.
Qd2 Bb4 9. Rc1 O-O 10. a3 Bxc3 11. bxc3 h6 12. Bh4 N5f6 13. Bd3 c5 14. O-O b5
15. e4 Bb7 16. Rfe1 a6 17. Qb2 c4 18. Bb1 Rfe8 19. Nd2 e5 20. dxe5 Ng4 21. Nxc4
Qc7 22. Ne3 Ndxe5 23. Nxg4 Nxg4 24. Bg3 Qc6 25. c4 bxc4 26. Qe2 Ne5 27. Bxe5
Rxe5 28. Qxc4 Qf6 29. Qb4 Rb5 30. Qc4 Re8 31. Re3 Rbe5 32. Qd4 Rxe4 33. Rxe4
Bxe4 34. Qxf6 gxf6 35. Re1 f5 36. f3 Rd8 37. Bxe4 fxe4 38. Rxe4 Rd5 39. Kf2 Ra5
40. a4 Rc5 41. Kg3 Kg7 42. Rd4 Rc6 43. Kh3 Rb6 44. Rf4 Rb3 45. Rg4+ Kh7 46. Rc4
Rb6 47. g3 Kg7 48. Kg4 Rf6 49. f4 Rb6 1-0

[Event "COMMONWEALTH CHESS CHAMPIONSHI"]
[Site "Nagpur,India"]
[Date "2008.10.03"]
[Round "7.45"]
[White "Anurag, Mhamal"]
[Black "Praveen Kumar, C."]
[Result "0-1"]
[WhiteElo "2113"]
[BlackElo "2302"]
[PlyCount "68"]
[EventDate "2008.09.28"]

1. d4 e6 2. g3 c5 3. Nf3 Nf6 4. Bg2 cxd4 5. Nxd4 d5 6. c4 e5 7. Nf3 d4 8. O-O
Nc6 9. e3 d3 10. Nc3 Bb4 11. Qb3 O-O 12. Nd5 e4 13. Ng5 Nxd5 14. cxd5 Qxg5 15.
dxc6 Qe7 16. a3 Bd6 17. f3 bxc6 18. fxe4 Ba6 19. Bd2 Rab8 20. Qa2 Be5 21. b4
Bxa1 22. Qxa1 c5 23. Bc3 f6 24. Rf5 Rfd8 25. Rxc5 d2 26. Bf3 d1=Q+ 27. Bxd1
Qxe4 28. Bb3+ Kh8 29. Bd4 Bb7 30. Qf1 Rxd4 31. exd4 Qh1+ 32. Kf2 Qxh2+ 33. Ke1
Qxg3+ 34. Kd2 Qxb3 0-1

[Event "COMMONWEALTH CHESS CHAMPIONSHI"]
[Site "Nagpur,India"]
[Date "2008.10.03"]
[Round "7.46"]
[White "Abhishek, Kelkar"]
[Black "Rahman, Syed Mahfuzur"]
[Result "1/2-1/2"]
[WhiteElo "2120"]
[BlackElo "2297"]
[PlyCount "35"]
[EventDate "2008.09.28"]

1. e4 c6 2. d4 d5 3. e5 Bf5 4. Nc3 e6 5. g4 Bg6 6. Nge2 h6 7. Ng3 c5 8. f4 cxd4
9. Nb5 Nc6 10. f5 Bh7 11. Nxd4 Qc7 12. Nxc6 Qxc6 13. Bd3 O-O-O 14. Qe2 Qc7 15.
Bd2 Ne7 16. O-O-O Nc6 17. Rde1 Be7 18. Rhf1 1/2-1/2

[Event "COMMONWEALTH CHESS CHAMPIONSHI"]
[Site "Nagpur,India"]
[Date "2008.10.03"]
[Round "7.48"]
[White "Soumya, Swaminathan"]
[Black "Ganesh, Babu S"]
[Result "1-0"]
[WhiteElo "2293"]
[BlackElo "2109"]
[PlyCount "99"]
[EventDate "2008.09.28"]

1. e4 c5 2. Nf3 Nc6 3. d4 cxd4 4. Nxd4 Nf6 5. Nc3 e5 6. Ndb5 d6 7. Bg5 a6 8.
Na3 b5 9. Nd5 Be7 10. Bxf6 Bxf6 11. c3 Ne7 12. Nxf6+ gxf6 13. Bd3 Bb7 14. Qe2
Qb6 15. O-O-O O-O-O 16. f4 Rhg8 17. Rhf1 Rg6 18. Nc2 Qc5 19. Qh5 exf4 20. Qxh7
Qg5 21. h4 Qh6 22. Qxh6 Rxh6 23. Rxf4 Ng6 24. Rxf6 Rxh4 25. g3 Rh2 26. Ne3 Ne5
27. Bc2 Kc7 28. Rf4 Rg8 29. Nf5 Rg6 30. Re1 Bc8 31. Rg1 Be6 32. Nh4 Bg4 33. Kb1
Kb6 34. Bb3 f6 35. Bc2 a5 36. b3 b4 37. cxb4 axb4 38. Nf5 Nf3 39. Rc1 Nd2+ 40.
Ka1 Bxf5 41. exf5 Rxg3 42. Rxb4+ Kc5 43. a3 Kd5 44. a4 Re3 45. a5 Rc3 46. a6
Rh8 47. Kb2 Rch3 48. a7 Ra8 49. Rd1 Kc5 50. Rb8 1-0

[Event "COMMONWEALTH CHESS CHAMPIONSHI"]
[Site "Nagpur,India"]
[Date "2008.10.03"]
[Round "7.50"]
[White "Thakur, Akash"]
[Black "Prince, Bajaj"]
[Result "1-0"]
[WhiteElo "2276"]
[BlackElo "2111"]
[PlyCount "105"]
[EventDate "2008.09.28"]

1. d4 Nf6 2. Nc3 d5 3. Bg5 Nbd7 4. Qd3 e6 5. e4 dxe4 6. Nxe4 Be7 7. Bxf6 Nxf6
8. Nf3 Nxe4 9. Qxe4 Qd5 10. Bd3 Qxe4+ 11. Bxe4 Bd7 12. Ne5 Bd6 13. O-O-O c6 14.
Rhe1 Rd8 15. Rd3 O-O 16. Rh3 g6 17. Rb3 Bc8 18. f4 Bc7 19. c3 Rfe8 20. Bf3 f6
21. Nd3 Kf7 22. Kc2 Rd6 23. a4 b6 24. Ra3 a5 25. Raa1 Ba6 26. Nf2 f5 27. g3
Red8 28. Be2 Bxe2 29. Rxe2 c5 30. dxc5 bxc5 31. Nd1 e5 32. fxe5 Re6 33. Nf2
Rxe5 34. Rxe5 Bxe5 35. Nd3 Bd6 36. Rd1 Be7 37. Kb3 g5 38. Kc4 Kf6 39. Re1 Rb8
40. Re5 h5 41. Rd5 g4 42. b3 Rd8 43. Rxd8 Bxd8 44. Kxc5 Kg5 45. Kc6 h4 46. b4
hxg3 47. hxg3 Bf6 48. bxa5 Bxc3 49. a6 Bd4 50. Kb7 f4 51. Nxf4 Bf2 52. a7 Bxg3
53. Ne2 1-0

[Event "COMMONWEALTH CHESS CHAMPIONSHI"]
[Site "Nagpur,India"]
[Date "2008.10.03"]
[Round "7.51"]
[White "Mohammad, Javed"]
[Black "Gagare, Shalmali"]
[Result "1-0"]
[WhiteElo "2264"]
[BlackElo "2092"]
[PlyCount "71"]
[EventDate "2008.09.28"]

1. e4 c6 2. d4 d5 3. e5 Bf5 4. Nd2 e6 5. Nb3 Nd7 6. Nf3 Ne7 7. Be2 c5 8. dxc5
Nc6 9. Be3 Ncxe5 10. Nxe5 Nxe5 11. O-O Nc4 12. Bxc4 dxc4 13. Nd4 Bg6 14. Nb5 a6
15. Na3 Qxd1 16. Rfxd1 Rc8 17. Nxc4 Bxc5 18. Bxc5 Rxc5 19. Nd6+ Ke7 20. c4 Rd8
21. b4 Rg5 22. c5 Rd7 23. f4 Rg4 24. g3 Bc2 25. Rd2 Ba4 26. Kf2 h5 27. Re1 Kf8
28. h3 Rg6 29. Re5 h4 30. g4 Rh6 31. f5 Bc6 32. g5 Rh5 33. fxe6 fxe6 34. Ke3 g6
35. Rf2+ Ke7 36. Rf7+ 1-0

[Event "COMMONWEALTH CHESS CHAMPIONSHI"]
[Site "Nagpur,India"]
[Date "2008.10.03"]
[Round "7.52"]
[White "Padmini, Rout"]
[Black "Peiris, T G M."]
[Result "1/2-1/2"]
[WhiteElo "2256"]
[BlackElo "2091"]
[PlyCount "110"]
[EventDate "2008.09.28"]

1. e4 c5 2. Nf3 d6 3. d4 cxd4 4. Nxd4 Nf6 5. Nc3 Nc6 6. Bg5 e6 7. Qd2 a6 8.
O-O-O h6 9. Bf4 Bd7 10. Nxc6 Bxc6 11. f3 d5 12. Qe1 Bb4 13. a3 Be7 14. Kb1 Qb6
15. Bd3 Qc7 16. Be3 b5 17. exd5 Nxd5 18. Bd4 O-O 19. Nxd5 Bxd5 20. Be5 Bd6 21.
Bxd6 Qxd6 22. Be4 Rac8 23. Bxd5 exd5 24. Rd3 Rc5 25. Qd2 Rfc8 26. g3 Rxc2 27.
Qxc2 Rxc2 28. Kxc2 Qc5+ 29. Kb1 Qf2 30. Rxd5 Qg2 31. Rhd1 Qxh2 32. g4 Qe2 33.
R1d3 g6 34. Rc3 Kg7 35. Ka2 Qe6 36. Rcd3 h5 37. gxh5 gxh5 38. f4 h4 39. f5 Qe2
40. R5d4 Kf6 41. Rh3 Kxf5 42. Rhxh4 f6 43. a4 Qe6+ 44. Ka3 Qe3+ 45. Kb4 Qe1+
46. Ka3 Ke5 47. axb5 axb5 48. Rb4 Qa1+ 49. Kb3 Qd1+ 50. Ka2 Qd5+ 51. Ka3 f5 52.
b3 Qc5 53. Kb2 Qf2+ 54. Ka3 Qf1 55. Kb2 Qf2+ 1/2-1/2

[Event "COMMONWEALTH CHESS CHAMPIONSHI"]
[Site "Nagpur,India"]
[Date "2008.10.03"]
[Round "7.53"]
[White "Mohana, Priya J"]
[Black "Kiran, Manisha Mohanty"]
[Result "0-1"]
[WhiteElo "2048"]
[BlackElo "2246"]
[PlyCount "101"]
[EventDate "2008.09.28"]

1. d4 Nf6 2. Nf3 g6 3. g3 Bg7 4. Bg2 O-O 5. O-O d5 6. c4 dxc4 7. Na3 Nc6 8.
Nxc4 Be6 9. b3 Bd5 10. Bb2 a5 11. Ne3 Be4 12. Ne5 Bxg2 13. Kxg2 Ra6 14. N3c4 h5
15. f3 b5 16. Nxc6 Rxc6 17. Nxa5 Ra6 18. Nb7 Qa8 19. Nc5 Rxa2 20. Qd2 Rxa1 21.
Rxa1 Qc8 22. h4 Nd7 23. Rc1 Rd8 24. Qf4 Nxc5 25. Rxc5 Qe6 26. Rc2 Qxb3 27. Qxc7
Ra8 28. Qc3 Qa4 29. Qd3 b4 30. d5 b3 31. Rd2 Qb4 32. Bxg7 Kxg7 33. Rb2 Ra3 34.
Qe3 Kg8 35. Kf2 Ra1 36. Qxb3 Qe1+ 37. Ke3 Qc1+ 38. Kd3 Kh7 39. Qc2 Qe1 40. Qc3
Qxg3 41. Rd2 Ra4 42. Qb3 Qf4 43. e3 Qf5+ 44. Ke2 Rxh4 45. d6 exd6 46. e4 Qf4
47. Ke1 Rh3 48. Rf2 Rh1+ 49. Ke2 Rc1 50. Rg2 Rc7 51. Rg1 0-1

[Event "COMMONWEALTH CHESS CHAMPIONSHI"]
[Site "Nagpur,India"]
[Date "2008.10.03"]
[Round "7.54"]
[White "Thipsay, Bagyashree Sathe"]
[Black "Suraj, M."]
[Result "1/2-1/2"]
[WhiteElo "2195"]
[BlackElo "2058"]
[PlyCount "46"]
[EventDate "2008.09.28"]

1. e4 c5 2. Nf3 d6 3. d4 cxd4 4. Nxd4 Nf6 5. Nc3 g6 6. Be2 Bg7 7. O-O O-O 8.
Be3 Nc6 9. Nb3 Be6 10. f4 Na5 11. f5 Bc4 12. Nxa5 Bxe2 13. Qxe2 Qxa5 14. Bd4
Rac8 15. a3 Nd7 16. Bxg7 Kxg7 17. Nd5 Qc5+ 18. Kh1 Qxc2 19. Qe3 Nf6 20. Nxe7
Rce8 21. e5 dxe5 22. Qxe5 Qe4 23. Qxe4 Nxe4 1/2-1/2

[Event "COMMONWEALTH CHESS CHAMPIONSHI"]
[Site "Nagpur,India"]
[Date "2008.10.03"]
[Round "7.55"]
[White "Darpan, Inani"]
[Black "Grover, Sahaj"]
[Result "0-1"]
[WhiteElo "1925"]
[BlackElo "2306"]
[PlyCount "62"]
[EventDate "2008.09.28"]

1. e4 e5 2. Bc4 Nf6 3. d3 Bc5 4. Nf3 Nc6 5. c3 O-O 6. h3 d5 7. exd5 Nxd5 8. O-O
Nb6 9. Bb3 Bf5 10. Re1 Qxd3 11. Nxe5 Qxd1 12. Bxd1 Nxe5 13. Rxe5 Rfe8 14. Rxc5
Re1+ 15. Kh2 Rxd1 16. Nd2 Bd7 17. Nb3 Bc6 18. Bf4 Rxa1 19. Nxa1 Na4 20. Rg5
Nxb2 21. Bxc7 f6 22. Ra5 Na4 23. c4 Nb2 24. Rc5 Rc8 25. Bg3 b6 26. Rf5 Nxc4 27.
Nb3 Be4 28. Rf4 Bb1 29. Nd4 Nd2 30. Nb5 Nf1+ 31. Kg1 Rc1 0-1

[Event "COMMONWEALTH CHESS CHAMPIONSHI"]
[Site "Nagpur,India"]
[Date "2008.10.03"]
[Round "7.56"]
[White "Panchanathan, Magesh Chandran"]
[Black "Deepthamsh, Reddy  M"]
[Result "1-0"]
[WhiteElo "2486"]
[BlackElo "2017"]
[PlyCount "47"]
[EventDate "2008.09.28"]

1. e4 c5 2. Nf3 d6 3. d4 cxd4 4. Nxd4 Nf6 5. Nc3 a6 6. f4 e5 7. Nf3 Nbd7 8. a4
b6 9. Bd3 Bb7 10. O-O Be7 11. Kh1 O-O 12. Be3 Qc7 13. fxe5 Nxe5 14. Nd4 Nxd3
15. cxd3 d5 16. Bf4 Qc5 17. Nf5 dxe4 18. Be3 Qc7 19. Bd4 Rad8 20. dxe4 Bc5 21.
Nd5 Nxd5 22. Bxg7 f6 23. Qg4 h5 24. Qg6 1-0

[Event "COMMONWEALTH CHESS CHAMPIONSHI"]
[Site "Nagpur,India"]
[Date "2008.10.03"]
[Round "7.58"]
[White "Ramakrishna, J."]
[Black "Patil, Pratik"]
[Result "1-0"]
[WhiteElo "2321"]
[BlackElo "2003"]
[PlyCount "53"]
[EventDate "2008.09.28"]

1. e4 c5 2. Nf3 d6 3. d4 cxd4 4. Nxd4 Nf6 5. f3 a6 6. c4 e6 7. Nc3 Be7 8. Be3
O-O 9. Qd2 b6 10. Be2 Bb7 11. O-O Nbd7 12. Rfd1 Rc8 13. Rac1 Qc7 14. Bf1 Rfe8
15. Qf2 Nf8 16. Nc2 N6d7 17. Bd4 Bd8 18. b4 Qb8 19. Na4 Ba8 20. Na3 Bc7 21. g3
Ng6 22. c5 bxc5 23. bxc5 dxc5 24. Rb1 Qa7 25. Nxc5 e5 26. Be3 Nb6 27. Nd7 {
Black resigns} 1-0

[Event "COMMONWEALTH CHESS CHAMPIONSHI"]
[Site "Nagpur,India"]
[Date "2008.10.03"]
[Round "7.60"]
[White "Mohapatra, Sidhant"]
[Black "Mari Arul, S."]
[Result "0-1"]
[WhiteElo "1995"]
[BlackElo "2249"]
[PlyCount "60"]
[EventDate "2008.09.28"]

1. e4 e5 2. Nf3 Nc6 3. Bb5 a6 4. Ba4 Nf6 5. Bxc6 dxc6 6. O-O Nxe4 7. Re1 Nc5 8.
d4 Ne6 9. Nxe5 Be7 10. Be3 O-O 11. c3 Kh8 12. f4 f6 13. Nf3 g6 14. f5 gxf5 15.
Bh6 Rg8 16. Nh4 f4 17. Qe2 Qd5 18. Kh1 Bd6 19. Nd2 Ng5 20. Ne4 Nxe4 21. Qxe4
Qh5 22. Bxf4 Qxh4 23. Be5 Qg5 24. Bxd6 cxd6 25. Rf1 Be6 26. Rf2 Bd5 27. Qe2
Rae8 28. Qf1 Re7 29. Kg1 Kg7 30. g3 Qe3 {White resigns} 0-1

[Event "COMMONWEALTH CHESS CHAMPIONSHI"]
[Site "Nagpur,India"]
[Date "2008.10.03"]
[Round "7.61"]
[White "Pradip Tiwari"]
[Black "Prasanna, Rao"]
[Result "0-1"]
[WhiteElo "1960"]
[BlackElo "2233"]
[PlyCount "80"]
[EventDate "2008.09.28"]

1. e4 e5 2. Nf3 Nc6 3. Bc4 Nf6 4. d3 h6 5. Nc3 g6 6. a3 Bg7 7. Be3 d6 8. Qd2
Ng4 9. h3 Nxe3 10. fxe3 Be6 11. Bxe6 fxe6 12. O-O g5 13. Nh2 Qe7 14. Rf2 O-O-O
15. Raf1 Rd7 16. b4 h5 17. g3 Nd8 18. Ne2 d5 19. exd5 exd5 20. Rf5 Bh6 21. d4
exd4 22. Qxd4 Re8 23. R1f2 Qxe3 24. Qxe3 Rxe3 25. R5f3 Rde7 26. Kf1 Rxf3 27.
Rxf3 Ne6 28. Kf2 Bg7 29. g4 hxg4 30. Nxg4 Kd7 31. c3 c6 32. Rd3 Rf7+ 33. Rf3
Nf4 34. Nxf4 Rxf4 35. Rxf4 gxf4 36. Kf3 Bxc3 37. Kxf4 Ke6 38. h4 b6 39. h5 Bb2
40. Kg3 Bxa3 {White resigns} 0-1

[Event "COMMONWEALTH CHESS CHAMPIONSHI"]
[Site "Nagpur,India"]
[Date "2008.10.03"]
[Round "7.64"]
[White "R  K  Gupta"]
[Black "Anwesh, Upadhyaya"]
[Result "0-1"]
[WhiteElo "1935"]
[BlackElo "2189"]
[PlyCount "72"]
[EventDate "2008.09.28"]

1. Nf3 Nf6 2. c4 e6 3. Nc3 d5 4. e3 Nbd7 5. a3 c6 6. d4 Bd6 7. Bd2 O-O 8. Qc2
Re8 9. O-O-O e5 10. e4 exd4 11. Nxd4 dxe4 12. Nf5 Bb8 13. Bg5 Qa5 14. g4 Qe5
15. h3 Nc5 16. Re1 Bxf5 17. f4 Qe6 18. b4 Ncd7 19. gxf5 Qxf5 20. Qd2 h6 21.
Bxf6 Bxf4 22. Re3 Nxf6 23. Kc2 Bxe3 24. Qxe3 a5 25. Be2 axb4 26. axb4 Rad8 27.
Rg1 Kh8 28. Kb3 b5 29. cxb5 cxb5 30. Bxb5 Rf8 31. Rf1 Qe5 32. Bc4 Rc8 33. Rf4
Rxc4 34. Kxc4 Qe6+ 35. Kb5 Rb8+ 36. Ka4 Ra8+ 0-1